000 00613nam a2200193Ii 4500
003 JO-AjNU
008 230605s9999||||xx |||||||||||||| ||und||
040 _aJO-AjNU
_bara
_erda
_cJO-AjNU
041 _aara
050 1 4 _aLB1051.A43
100 3 _aمحمد، أحمد زكي,
_eauthor
_936429
245 0 0 _aمبادئ علم النفس التعليمي
264 3 1 _aالقاهرة:مكتبة النهضة المصرية
300 _a240ص
336 _atext
_btxt
_2rdacontent
337 _aunmediated
_bn
_2rdamedia
338 _avolume
_bnc
_2rdacarrier
650 4 _aعلم النفس التربوي
_936430
999 _aA15135
_c18703
_d18703